Catálogo
 En Linea

Fotografía Básica. / (Registro nro. 40203)

Detalles MARC
000 -CABECERA
campo de control de longitud fija 00593nam a2200193 a 4500
001 - NÚMERO DE CONTROL
campo de control 000040713
005 - FECHA Y HORA DE LA ÚLTIMA TRANSACCIÓN
campo de control 20201002034326.0
008 - DATOS DE LONGITUD FIJA--INFORMACIÓN GENERAL
campo de control de longitud fija 130905s2003 sp ac 001 0 spa d
020 ## - NÚMERO INTERNACIONAL ESTÁNDAR DEL LIBRO
Número Internacional Estándar del Libro 8428212872
040 ## - FUENTE DE LA CATALOGACIÓN
Centro catalogador/agencia de origen DO-SdBNP
Lengua de catalogación spa
Centro/agencia transcriptor BNPHU
082 ## - NÚMERO DE LA CLASIFICACIÓN DECIMAL DEWEY
Número de clasificación xxxx
Número de documento/Ítem xxxx
100 1# - ENTRADA PRINCIPAL--NOMBRE DE PERSONA
Nombre de persona Langford, Michael
9 (RLIN) 67101
240 10 - TÍTULO UNIFORME
Título uniforme Basic photography
245 10 - MENCIÓN DE TÍTULO
Título Fotografía Básica. /
Mención de responsabilidad, etc. Michael Langford; traducción, Frances Rosés.
250 ## - MENCIÓN DE EDICIÓN
Mención de edición 7ma. ed.
260 ## - PUBLICACIÓN, DISTRIBUCIÓN, ETC.
Lugar de publicación, distribución, etc. Barcelona, :
Nombre del editor, distribuidor, etc. Omega,
Fecha de publicación, distribución, etc. 2003.
500 ## - NOTA GENERAL
Nota general La biblioteca posee la 1ra. reimpresión del 2007
700 1# - PUNTO DE ACCESO ADICIONAL--NOMBRE DE PERSONA
Nombre de persona Rosés, Frances
Término indicativo de función/relación trad.
9 (RLIN) 67102
Existencias
Estado de retiro Estado de pérdida Restricciones de uso No para préstamo Código de colección Localización permanente Ubicación/localización actual Ubicación en estantería Fecha de adquisición Número de inventario Total de préstamos Signatura topográfica completa Código de barras Fecha visto por última vez Precio válido a partir de Tipo de ítem Koha
      Excluido de préstamo Monografías: Libros y Folletos General General En catalogación 05.09.2013 LF1   xxxx xxxx 40713-10 25.06.2020 25.06.2020 No se presta

Con tecnología Koha